Quel est le meilleur buteur de ce club durant le XXIe siècle ? - Statistiques

Statistiques générales
  • Ce quiz a été pris 207 fois
  • Le résultat moyen est 18 sur 26
Statistiques - réponses
Club Nombre de buts Nationalité Réponse % Correct
Real Madrid 450 🇵🇹 Cristiano Ronaldo
100%
FC Barcelone 672 🇦🇷 Lionel Messi
100%
Bayern Munich 344 🇵🇱 Robert Lewandowski
98%
Paris Saint Germain 253 🇨🇵 Kylian Mbappé
95%
Atlético Madrid 178 🇨🇵 Antoine Griezmann
93%
Liverpool 210 🇪🇬 Mohamed Salah
93%
Arsenal 226 🇨🇵 Thierry Henry
89%
Manchester United 253 🏴󠁧󠁢󠁥󠁮󠁧󠁿 Wayne Rooney
89%
Manchester City 260 🇦🇷 Sergio Agüero
87%
Tottenham 280 🏴󠁧󠁢󠁥󠁮󠁧󠁿 Harry Kane
85%
Olympique Lyonnais 180 🇨🇵 Alexandre Lacazette
83%
Borussia Dortmund 168 🇩🇪 Marco Reus
82%
Chelsea 211 🏴󠁧󠁢󠁥󠁮󠁧󠁿 Franck Lampard
75%
AS Roma 307 🇮🇹 Francesco Totti
73%
Inter Milan 128 🇦🇷 Lautaro Martinez
71%
Juventus 289 🇮🇹 Alessandro Del Piero
67%
AC Milan 175 🇺🇦 Andriy Chevtchenko
67%
Napoli 148 🇧🇪 Dries Mertens
67%
FC Porto 92 🇨🇴 Jackson Martinez
64%
Ajax Amsterdam 158 🇳🇱 Klass-Jan Huntelaar
48%
Schalke 04 124 🇳🇱 Klass-Jan Huntelaar
48%
Olympique de Marseille 100 🇸🇳 Mamadou Niang
41%
Valencia CF 129 🇪🇦 David Villa
30%
Villarreal CF 117 🇪🇦 Gerard Moreno
28%
Séville FC 135 🇲🇱 Frédéric Kanouté
13%
Benfica 172 🇵🇾 Oscar Cardozo
11%
Aucun quiz correspondant
Distribution des résultats
% des personnes avec chaque résultat
Percentile par nombre de réponses
Votre historique - résultats
Vous n’avez pas pris ce quiz